[Event "106th British-ch 2019"]
[Site "Torquay"]
[Date "2019.07.30"]
[Round "4.16"]
[White "Lane, Gary W"]
[Black "Brewer, Callum D"]
[Result "1/2-1/2"]
[WhiteElo "2364"]
[BlackElo "2086"]
[Annotator "NA"]
[PlyCount "68"]
[EventDate "2019.07.27"]
[EventType "swiss"]
[EventCountry "GBR"]
[SourceTitle "playchess.com"]
[Source "ChessBase"]
[SourceQuality "1"]
[TimeControl "40/5400+30:1800+30"]

1. e4 {[%emt 0:00:00]} c6 {[%emt 0:00:00]} 2. d4 {[%emt 0:00:00]} d5 {[%emt 0:00:00]} 3. Nd2 {[%emt 0:00:00]} dxe4 {[%emt 0:00:00]} 4. Nxe4 {[%emt 0:00:00]} Nd7 {[%emt 0:00:00]} 5. Bc4 {[%emt 0:01:11]} Ngf6 {[%emt 0:00:00]} 6. Ng5 {[%emt 0:00:11]} e6 {[%emt 0:00:00]} 7. Qe2 {[%emt 0:00:10]} Nb6 {[%emt 0:00:00]} 8. Bb3 {[%emt 0:00:23]} h6 {[%emt 0:00:05]} 9. N5f3 {[%emt 0:00:48]} a5 {[%emt 0:00:07]} 10. a4 {[%emt 0:01:06]} c5 {[%emt 0:00:28]} 11. Bf4 {[%emt 0:03:45]} Bd6 {[%emt 0:05:23]} 12. Bg3 {[%emt 0:16:24]} O-O {[%emt 0:02:53]} 13. dxc5 {[%emt 0:06:11]} Bxg3 {[%emt 0:08:51]} 14. hxg3 {[%emt 0:02:35]} Nbd7 {[%emt 0:01:04]} 15. Ne5 {[%emt 0:00:53]} Nxc5 {[%emt 0:04:56]} 16. Bc4 {[%emt 0:00:10]} b6 {[%emt 0:05:17]} 17. Ngf3 {[%emt 0:03:58]} Bb7 {[%emt 0:01:29]} 18. g4 {[%emt 0:10:18]} Nfe4 {[%emt 0:06:58]} 19. Rh5 {[%emt 0:03:57]} Nf6 {[%emt 0:08:17]} 20. Rh2 {[%emt 0:02:07]} Nfe4 {[%emt 0:00:43]} 21. Bb5 {[%emt 0:02:18]} Rc8 {[%emt 0:07:38]} 22. c3 {[%emt 0:04:34]} Qc7 {[%emt 0:02:49]} 23. Kf1 {[%emt 0:12:47]} f6 {[%emt 0:06:54]} 24. Ng6 {[%emt 0:07:33]} Nxc3 {[%emt 0:01:13]} 25. bxc3 {[%emt 0:02:24]} Bxf3 {[%emt 0:00:34]} 26. Qxf3 {[%emt 0:00:08]} Qxh2 {[%emt 0:00:14]} 27. g3 {[%emt 0:00:03]} Nb3 {[%emt 0:06:34]} 28. Rd1 {[%emt 0:03:53]} Rcd8 {[%emt 0:03:38]} 29. Bd3 {[%emt 0:11:30]} Rf7 {[%emt 0:05:24]} 30. Qe4 {[%emt 0:01:11]} f5 {[%emt 0:16:16]} 31. Qxe6 {[%emt 0:00:41]} Qh1+ {[%emt 0:00:19]} 32. Ke2 {[%emt 0:00:05]} Nc1+ {[%emt 0:00:03]} 33. Rxc1 {[%emt 0:00:37]} Qxc1 {[%emt 0:00:11]} 34. Ne7+ {[%emt 0:00:19]} Kf8 {[%emt 0:01:02]} 1/2-1/2

[Event "106th British-ch 2019"]
[Site "Torquay"]
[Date "2019.07.30"]
[Round "4.17"]
[White "Merriman, John"]
[Black "Bates, Richard A"]
[Result "1/2-1/2"]
[WhiteElo "2226"]
[BlackElo "2352"]
[Annotator "NA"]
[PlyCount "44"]
[EventDate "2019.07.27"]
[EventType "swiss"]
[EventCountry "GBR"]
[SourceTitle "playchess.com"]
[Source "ChessBase"]
[SourceQuality "1"]
[TimeControl "40/5400+30:1800+30"]

1. d4 {[%emt 0:00:51]} Nf6 {[%emt 0:00:00]} 2. c4 {[%emt 0:00:06]} e6 {[%emt 0:00:07]} 3. Nc3 {[%emt 0:00:04]} Bb4 {[%emt 0:00:16]} 4. e3 {[%emt 0:00:06]} b6 {[%emt 0:00:41]} 5. Nge2 {[%emt 0:00:05]} Ne4 {[%emt 0:01:12]} 6. Bd2 {[%emt 0:00:43]} Nxd2 {[%emt 0:01:03]} 7. Qxd2 {[%emt 0:00:06]} O-O {[%emt 0:01:23]} 8. a3 {[%emt 0:00:49]} Be7 {[%emt 0:00:27]} 9. d5 {[%emt 0:02:07]} d6 {[%emt 0:01:45]} 10. g3 {[%emt 0:06:56]} e5 {[%emt 0:01:44]} 11. Bg2 {[%emt 0:01:30]} Nd7 {[%emt 0:02:06]} 12. f4 {[%emt 0:04:20]} Nc5 {[%emt 0:22:00]} 13. Rd1 {[%emt 0:13:14]} exf4 {[%emt 0:07:14]} 14. exf4 {[%emt 0:03:12]} Bg4 15. b4 {[%emt 0:04:49]} Nd7 {[%emt 0:05:59]} 16. O-O {[%emt 0:00:00]} Bxe2 17. Nxe2 {[%emt 0:04:24]} Bf6 {[%emt 0:01:46]} 18. g4 {[%emt 0:00:00]} g6 {[%emt 0:19:30]} 19. g5 {[%emt 0:00:26]} Bg7 {[%emt 0:00:05]} 20. f5 {[%emt 0:11:04]} gxf5 {[%emt 0:05:44]} 21. Rxf5 {[%emt 0:01:28]} Ne5 {[%emt 0:08:13]} 22. Qf4 {[%emt 0:08:09]} Qe7 {[%emt 0:17:27]} 1/2-1/2

[Event "106th British-ch 2019"]
[Site "Torquay"]
[Date "2019.07.30"]
[Round "4.18"]
[White "Hand, Freddie"]
[Black "Ward, Chris G"]
[Result "1/2-1/2"]
[WhiteElo "2142"]
[BlackElo "2418"]
[Annotator "NA"]
[PlyCount "73"]
[EventDate "2019.07.27"]
[EventType "swiss"]
[EventCountry "GBR"]
[SourceTitle "playchess.com"]
[Source "ChessBase"]
[SourceQuality "1"]
[TimeControl "40/5400+30:1800+30"]

1. d4 {[%emt 0:00:00]} d6 {[%emt 0:00:43]} 2. e4 {[%emt 0:00:04]} Nf6 {[%emt 0:00:14]} 3. f3 {[%emt 0:01:13]} d5 {[%emt 0:00:12]} 4. Nc3 {[%emt 0:02:39]} e6 {[%emt 0:00:20]} 5. Be3 {[%emt 0:01:27]} Be7 {[%emt 0:00:24]} 6. Qd2 {[%emt 0:08:33]} O-O {[%emt 0:15:31]} 7. Nh3 {[%emt 0:37:39]} dxe4 {[%emt 0:05:10]} 8. fxe4 {[%emt 0:00:50]} c5 {[%emt 0:23:26]} 9. d5 {[%emt 0:17:59]} exd5 {[%emt 0:13:56]} 10. exd5 {[%emt 0:00:16]} Bg4 {[%emt 0:00:18]} 11. Nf2 {[%emt 0:02:39]} Bh5 {[%emt 0:08:01]} 12. h3 {[%emt 0:03:42]} Ne8 {[%emt 0:05:35]} 13. g4 {[%emt 0:01:20]} Bg6 {[%emt 0:00:05]} 14. O-O-O {[%emt 0:01:01]} Nd6 {[%emt 0:07:13]} 15. h4 {[%emt 0:02:52]} f5 {[%emt 0:02:52]} 16. g5 {[%emt 0:09:22]} Bh5 {[%emt 0:05:34]} 17. Be2 {[%emt 0:00:28]} Bxe2 {[%emt 0:01:31]} 18. Qxe2 {[%emt 0:00:04]} Re8 {[%emt 0:00:36]} 19. Nh3 {[%emt 0:00:13]} Nd7 {[%emt 0:04:03]} 20. Nf4 {[%emt 0:03:25]} Qa5 {[%emt 0:00:15]} 21. Ne6 {[%emt 0:01:48]} Bf8 {[%emt 0:01:04]} 22. Bf4 {[%emt 0:02:10]} a6 {[%emt 0:02:05]} 23. Qd3 {[%emt 0:00:44]} Nb5 {[%emt 0:01:30]} 24. Nxb5 {[%emt 0:00:26]} axb5 {[%emt 0:00:06]} 25. Nc7 {[%emt 0:00:09]} Qxa2 {[%emt 0:00:46]} 26. Nxe8 {[%emt 0:00:22]} Rxe8 {[%emt 0:00:31]} 27. Qxb5 {[%emt 0:01:08]} Re4 {[%emt 0:00:51]} 28. Rh3 {[%emt 0:00:42]} Rb4 {[%emt 0:00:27]} 29. Qxd7 {[%emt 0:00:37]} Qxb2+ {[%emt 0:00:07]} 30. Kd2 {[%emt 0:00:03]} Rxf4 {[%emt 0:00:34]} 31. Qe6+ {[%emt 0:00:35]} Kh8 {[%emt 0:00:03]} 32. Re1 {[%emt 0:00:49]} Rd4+ {[%emt 0:00:44]} 33. Rd3 {[%emt 0:00:16]} Qb4+ {[%emt 0:00:16]} 34. Kd1 {[%emt 0:00:20]} Qb1+ {[%emt 0:00:48]} 35. Kd2 {[%emt 0:00:10]} Qb4+ {[%emt 0:00:38]} 36. Kd1 {[%emt 0:00:41]} Qb1+ {[%emt 0:00:42]} 37. Kd2 {[%emt 0:00:12]} 1/2-1/2

[Event "106th British-ch 2019"]
[Site "Torquay"]
[Date "2019.07.30"]
[Round "4.19"]
[White "Storey, Charles H"]
[Black "Ogunshola, Olugbemiga (Ben)"]
[Result "1-0"]
[WhiteElo "2261"]
[BlackElo "2172"]
[Annotator "NA"]
[PlyCount "72"]
[EventDate "2019.07.27"]
[EventType "swiss"]
[EventCountry "GBR"]
[SourceTitle "playchess.com"]
[Source "ChessBase"]
[SourceQuality "1"]
[TimeControl "40/5400+30:1800+30"]

1. d4 {[%emt 0:03:45]} Nf6 {[%emt 0:02:44]} 2. Bg5 {[%emt 0:02:20]} e6 {[%emt 0:03:24]} 3. Nf3 {[%emt 0:02:24]} c5 {[%emt 0:02:49]} 4. c3 {[%emt 0:03:44]} Nc6 {[%emt 0:06:50]} 5. e3 {[%emt 0:01:21]} Qb6 {[%emt 0:03:34]} 6. Qc2 {[%emt 0:02:46]} Be7 {[%emt 0:06:56]} 7. Nbd2 {[%emt 0:02:05]} d5 {[%emt 0:01:47]} 8. Bd3 {[%emt 0:01:29]} h6 {[%emt 0:00:16]} 9. Bh4 {[%emt 0:00:45]} Bd7 {[%emt 0:00:29]} 10. O-O {[%emt 0:00:39]} Rc8 {[%emt 0:01:02]} 11. Qb1 {[%emt 0:15:04]} O-O {[%emt 0:07:43]} 12. Kh1 {[%emt 0:08:18]} Rfe8 {[%emt 0:01:51]} 13. h3 cxd4 {[%emt 0:07:30]} 14. exd4 Na5 {[%emt 0:00:49]} 15. b4 Nc4 {[%emt 0:11:32]} 16. Bxc4 dxc4 {[%emt 0:03:04]} 17. Ne5 Ba4 {[%emt 0:06:17]} 18. Bxf6 gxf6 {[%emt 0:13:39]} 19. Ng4 Kg7 {[%emt 0:05:29]} 20. f4 f5 {[%emt 0:05:09]} 21. Ne3 Rg8 {[%emt 0:04:15]} 22. Qe1 Bf6 {[%emt 0:04:18]} 23. Qe2 Qa6 {[%emt 0:05:07]} 24. Qh5 Rc7 {[%emt 0:05:54]} 25. Kh2 b6 {[%emt 0:04:58]} 26. g4 Bxd4 {[%emt 0:11:34]} 27. cxd4 c3 {[%emt 0:00:35]} 28. g5 hxg5 {[%emt 0:06:24]} 29. Qxg5+ Kf8 {[%emt 0:00:59]} 30. Qd8+ Be8 {[%emt 0:01:25]} 31. Qd6+ Re7 32. Ndc4 Qb7 33. d5 exd5 34. Qh6+ Rg7 35. Rg1 f6 36. Qh8+ Kf7 {[%emt 0:17:45]} 1-0

[Event "106th British-ch 2019"]
[Site "Torquay"]
[Date "2019.07.30"]
[Round "4.20"]
[White "Player, Edmund C"]
[Black "Holland, Chris Kd"]
[Result "0-1"]
[WhiteElo "2202"]
[BlackElo "2143"]
[Annotator "ChessBase"]
[PlyCount "112"]
[EventDate "2019.07.27"]
[EventType "swiss"]
[EventCountry "GBR"]
[SourceTitle "playchess.com"]
[Source "ChessBase"]
[SourceQuality "1"]
[TimeControl "40/5400+30:1800+30"]

1. e4 {[%emt 0:00:00]} e6 {[%emt 0:01:08]} 2. d4 {[%emt 0:00:00]} d5 {[%emt 0:00:07]} 3. Nd2 {[%emt 0:00:00]} Nf6 {[%emt 0:00:35]} 4. e5 {[%emt 0:00:02]} Nfd7 {[%emt 0:00:06]} 5. Bd3 {[%emt 0:00:12]} c5 {[%emt 0:00:06]} 6. c3 {[%emt 0:00:03]} Nc6 {[%emt 0:00:08]} 7. Ne2 {[%emt 0:00:07]} cxd4 {[%emt 0:00:16]} 8. cxd4 {[%emt 0:00:03]} f6 {[%emt 0:00:11]} 9. exf6 {[%emt 0:00:06]} Nxf6 {[%emt 0:00:04]} 10. Nf3 {[%emt 0:00:29]} Bd6 {[%emt 0:00:06]} 11. O-O {[%emt 0:01:04]} Qc7 {[%emt 0:00:06]} 12. Bd2 {[%emt 0:01:07]} O-O {[%emt 0:02:19]} 13. Ng3 {[%emt 0:02:19]} Bd7 {[%emt 0:03:53]} 14. Bc3 {[%emt 0:01:36]} e5 {[%emt 0:28:44]} 15. dxe5 {[%emt 0:02:11]} Nxe5 {[%emt 0:02:10]} 16. Be2 {[%emt 0:23:08]} Rae8 {[%emt 0:21:15]} 17. Rc1 {[%emt 0:18:18]} Qb8 {[%emt 0:17:33]} 18. b3 {[%emt 0:15:39]} Kh8 {[%emt 0:02:35]} 19. Bb2 {[%emt 0:02:44]} Ng6 {[%emt 0:12:26]} 20. Nd4 {[%emt 0:17:30]} Nf4 {[%emt 0:01:15]} 21. Bf3 {[%emt 0:00:09]} Ne4 {[%emt 0:02:22]} 22. Re1 {[%emt 0:04:00]} Ng5 {[%emt 0:00:53]} 23. Rxe8 {[%emt 0:01:58]} Nxf3+ {[%emt 0:00:38]} 24. Nxf3 {[%emt 0:00:19]} Qxe8 {[%emt 0:00:29]} 25. Qd4 {[%emt 0:04:09]} Qg6 {[%emt 0:00:04]} 26. Rd1 {[%emt 0:00:18]} Bh3 {[%emt 0:02:26]} 27. Nh4 {[%emt 0:01:32]} Qg5 {[%emt 0:00:05]} 28. Qxg7+ {[%emt 0:02:28]} Qxg7 {[%emt 0:00:07]} 29. Bxg7+ {[%emt 0:00:09]} Kxg7 {[%emt 0:00:01]} 30. gxh3 {[%emt 0:00:05]} Nxh3+ {[%emt 0:00:17]} 31. Kg2 {[%emt 0:00:23]} Nf4+ {[%emt 0:00:18]} 32. Kf1 {[%emt 0:01:04]} Bc5 {[%emt 0:00:31]} 33. Nhf5+ {[%emt 0:01:52]} Kg6 {[%emt 0:00:14]} 34. Nd4 {[%emt 0:01:19]} Nh3 {[%emt 0:00:24]} 35. Kg2 {[%emt 0:00:26]} Nxf2 {[%emt 0:00:10]} 36. Rd2 {[%emt 0:00:20]} Ng4 {[%emt 0:01:56]} 37. Ne6 {[%emt 0:00:45]} Ne3+ {[%emt 0:01:53]} 38. Kh3 {[%emt 0:00:07]} Rc8 {[%emt 0:00:14]} 39. Rd3 {[%emt 0:00:34]} Bb6 {[%emt 0:00:44]} 40. Nf4+ {[%emt 0:00:13]} Kf7 {[%emt 0:00:39]} 41. Nxd5 {[%emt 0:01:24]} Rd8 {[%emt 0:03:12]} 42. Nf4 {[%emt 0:01:59]} Rxd3 {[%emt 0:00:14]} 43. Nxd3 {[%emt 0:00:00]} Ke6 {[%emt 0:03:43]} 44. Ne4 {[%emt 0:02:56]} Kd5 {[%emt 0:00:17]} 45. Nf6+ {[%emt 0:01:18]} Kd4 {[%emt 0:00:04]} 46. Nb2 {[%emt 0:00:30]} Bd8 {[%emt 0:01:34]} 47. Ng4 {[%emt 0:04:22]} Nxg4 {[%emt 0:05:37]} 48. Kxg4 {[%emt 0:00:02]} Kc3 {[%emt 0:01:59]} 49. Nc4 {[%emt 0:03:51]} Bc7 {[%emt 0:01:58]} 50. h3 {[%emt 0:04:04]} b5 {[%emt 0:00:20]} 51. Ne3 {[%emt 0:01:20]} Kb2 {[%emt 0:00:20]} 52. Nd5 {[%emt 0:01:19]} Bd6 {[%emt 0:05:37]} 53. Kf5 {[%emt 0:05:01]} b4 {[%emt 0:00:09]} 54. Ke6 {[%emt 0:02:20]} Bf8 {[%emt 0:00:19]} 55. Kf7 {[%emt 0:06:57]} Bc5 {[%emt 0:00:07]} 56. Kg7 {[%emt 0:01:02]} Kxa2 {[%emt 0:00:35]} 0-1

[Event "106th British-ch 2019"]
[Site "Torquay"]
[Date "2019.07.30"]
[Round "4.21"]
[White "Longson, Sarah N"]
[Black "Stoyanov, Viktor"]
[Result "1/2-1/2"]
[WhiteElo "2095"]
[BlackElo "2198"]
[Annotator "NA"]
[PlyCount "173"]
[EventDate "2019.07.27"]
[EventType "swiss"]
[EventCountry "GBR"]
[SourceTitle "playchess.com"]
[Source "ChessBase"]
[SourceQuality "1"]
[TimeControl "40/5400+30:1800+30"]

1. e4 {[%emt 0:00:00]} c6 {[%emt 0:00:00]} 2. d4 {[%emt 0:00:00]} d5 {[%emt 0:00:00]} 3. exd5 {[%emt 0:00:07]} cxd5 {[%emt 0:00:00]} 4. c4 {[%emt 0:00:04]} Nf6 {[%emt 0:00:05]} 5. Nc3 {[%emt 0:00:14]} g6 {[%emt 0:00:15]} 6. Bg5 {[%emt 0:00:26]} Bg7 {[%emt 0:00:05]} 7. Be2 {[%emt 0:17:25]} O-O {[%emt 0:01:04]} 8. Nf3 {[%emt 0:08:36]} dxc4 {[%emt 0:02:22]} 9. Ne5 {[%emt 0:02:56]} Nc6 {[%emt 0:10:32]} 10. Nxc6 {[%emt 0:08:55]} bxc6 {[%emt 0:00:01]} 11. Bxc4 {[%emt 0:00:30]} Qa5 {[%emt 0:02:46]} 12. Qd2 {[%emt 0:12:51]} Rd8 {[%emt 0:03:56]} 13. O-O-O {[%emt 0:06:16]} Rb8 {[%emt 0:05:19]} 14. Rhe1 {[%emt 0:01:08]} Rb4 {[%emt 0:04:28]} 15. b3 {[%emt 0:05:17]} Rb7 {[%emt 0:01:33]} 16. Na4 {[%emt 0:05:04]} Qxd2+ {[%emt 0:03:44]} 17. Rxd2 {[%emt 0:01:46]} h6 {[%emt 0:02:59]} 18. Bh4 {[%emt 0:00:00]} Rbd7 {[%emt 0:02:48]} 19. Bg3 {[%emt 0:01:08]} e6 {[%emt 0:01:50]} 20. Be5 {[%emt 0:00:36]} Ng4 21. Bxg7 Kxg7 22. Red1 {[%emt 0:02:27]} Nf6 {[%emt 0:00:16]} 23. Nc5 {[%emt 0:00:09]} Rc7 {[%emt 0:02:17]} 24. Re1 {[%emt 0:00:45]} Nd5 {[%emt 0:02:20]} 25. f3 {[%emt 0:00:36]} g5 {[%emt 0:01:55]} 26. Kb2 {[%emt 0:05:34]} Nf4 27. Red1 {[%emt 0:03:17]} Re7 {[%emt 0:00:33]} 28. g3 {[%emt 0:00:05]} Ng6 {[%emt 0:03:15]} 29. Kc3 {[%emt 0:02:20]} h5 {[%emt 0:01:32]} 30. Bd3 {[%emt 0:01:08]} f5 {[%emt 0:00:00]} 31. Bc4 {[%emt 0:03:42]} Kf6 {[%emt 0:00:00]} 32. b4 {[%emt 0:01:07]} g4 {[%emt 0:01:49]} 33. f4 {[%emt 0:00:22]} h4 {[%emt 0:00:18]} 34. Re1 {[%emt 0:00:40]} Rh8 {[%emt 0:01:13]} 35. Rde2 {[%emt 0:00:29]} hxg3 {[%emt 0:00:28]} 36. hxg3 {[%emt 0:00:21]} Rh3 {[%emt 0:00:17]} 37. Re3 {[%emt 0:00:15]} Nf8 {[%emt 0:00:44]} 38. a4 {[%emt 0:00:52]} Rh2 {[%emt 0:00:39]} 39. b5 {[%emt 0:01:52]} cxb5 {[%emt 0:00:22]} 40. axb5 {[%emt 0:00:04]} Rhh7 {[%emt 0:02:24]} 41. Kb4 {[%emt 0:34:18]} Rc7 {[%emt 0:32:23]} 42. Bb3 {[%emt 0:02:27]} Rhe7 {[%emt 0:00:42]} 43. Rc3 {[%emt 0:04:37]} Rh7 {[%emt 0:02:39]} 44. Rec1 {[%emt 0:00:00]} Ke7 {[%emt 0:00:00]} 45. d5 {[%emt 0:00:00]} exd5 {[%emt 0:00:00]} 46. Bxd5 {[%emt 0:00:00]} Ke8 {[%emt 0:00:00]} 47. Ne4 {[%emt 0:00:00]} Rxc3 {[%emt 0:00:00]} 48. Rxc3 {[%emt 0:00:00]} Kd8 {[%emt 0:00:00]} 49. Ng5 {[%emt 0:00:00]} Rd7 {[%emt 0:00:00]} 50. Nf7+ {[%emt 0:00:00]} Ke7 {[%emt 0:00:00]} 51. Bb3 {[%emt 0:00:00]} Rd4+ {[%emt 0:00:00]} 52. Ka5 {[%emt 0:00:00]} Bd7 {[%emt 0:00:00]} 53. Ne5 {[%emt 0:00:00]} Rd6 {[%emt 0:00:00]} 54. Rc7 {[%emt 0:00:00]} Rd2 {[%emt 0:00:00]} 55. Rxa7 {[%emt 0:00:00]} Rg2 {[%emt 0:00:00]} 56. b6 {[%emt 0:00:00]} Rxg3 {[%emt 0:00:00]} 57. Kb4 {[%emt 0:01:02]} Kd6 {[%emt 0:00:00]} 58. Ra8 {[%emt 0:02:04]} Ne6 {[%emt 0:00:00]} 59. Nxd7 {[%emt 0:04:02]} Rxb3+ {[%emt 0:00:00]} 60. Kxb3 {[%emt 0:00:07]} Kxd7 {[%emt 0:00:00]} 61. Kc4 {[%emt 0:00:46]} Kc6 {[%emt 0:00:00]} 62. Rg8 {[%emt 0:01:19]} Nxf4 {[%emt 0:00:00]} 63. Kd4 {[%emt 0:00:23]} Kxb6 {[%emt 0:00:00]} 64. Ke5 {[%emt 0:00:15]} Nd3+ {[%emt 0:00:00]} 65. Kxf5 {[%emt 0:00:16]} Kc5 {[%emt 0:00:00]} 66. Rxg4 {[%emt 0:00:25]} Kd5 {[%emt 0:00:00]} 67. Rg8 {[%emt 0:00:16]} Kd4 {[%emt 0:00:00]} 68. Rd8+ {[%emt 0:00:09]} Ke3 {[%emt 0:00:00]} 69. Rd7 {[%emt 0:00:30]} Nc5 {[%emt 0:00:00]} 70. Ra7 {[%emt 0:00:15]} Kd4 {[%emt 0:00:00]} 71. Ra8 {[%emt 0:00:51]} Nd3 {[%emt 0:00:00]} 72. Rd8+ {[%emt 0:00:07]} Ke3 {[%emt 0:00:00]} 73. Rd5 {[%emt 0:00:16]} Nb2 {[%emt 0:00:00]} 74. Ra5 {[%emt 0:00:40]} Nd3 {[%emt 0:00:00]} 75. Ra4 {[%emt 0:00:15]} Nc5 {[%emt 0:00:00]} 76. Rh4 {[%emt 0:01:07]} Nd3 {[%emt 0:00:00]} 77. Re4+ {[%emt 0:00:08]} Kf3 {[%emt 0:00:00]} 78. Ra4 {[%emt 0:00:29]} Ke3 {[%emt 0:00:00]} 79. Re4+ {[%emt 0:00:05]} Kf3 {[%emt 0:00:00]} 80. Re8 {[%emt 0:00:20]} Nf2 {[%emt 0:00:00]} 81. Ra8 {[%emt 0:00:33]} Nd3 {[%emt 0:00:00]} 82. Rh8 {[%emt 0:02:34]} Ke3 {[%emt 0:00:00]} 83. Rh4 {[%emt 0:00:14]} Nf2 {[%emt 0:00:00]} 84. Ra4 {[%emt 0:01:01]} Nd3 {[%emt 0:00:00]} 85. Rg4 {[%emt 0:00:14]} Kf3 {[%emt 0:00:00]} 86. Re4 {[%emt 0:00:30]} Nf2 {[%emt 0:00:00]} 87. Rf4+ {[%emt 0:00:39]} 1/2-1/2

[Event "106th British-ch 2019"]
[Site "Torquay"]
[Date "2019.07.30"]
[Round "4.22"]
[White "Crickmore, Neil Eg"]
[Black "Modi, Shyam Jagdish"]
[Result "0-1"]
[WhiteElo "2187"]
[BlackElo "2098"]
[Annotator "NA"]
[PlyCount "66"]
[EventDate "2019.07.27"]
[EventType "swiss"]
[EventCountry "GBR"]
[SourceTitle "playchess.com"]
[Source "ChessBase"]
[SourceQuality "1"]
[TimeControl "40/5400+30:1800+30"]

1. d4 {[%emt 0:00:00]} Nf6 {[%emt 0:00:00]} 2. c4 {[%emt 0:00:00]} g6 {[%emt 0:00:04]} 3. Nc3 {[%emt 0:00:00]} Bg7 {[%emt 0:00:20]} 4. e4 {[%emt 0:00:00]} d6 {[%emt 0:00:12]} 5. f4 {[%emt 0:00:26]} c5 {[%emt 0:00:31]} 6. d5 {[%emt 0:00:07]} O-O {[%emt 0:00:13]} 7. Nf3 {[%emt 0:00:04]} e6 {[%emt 0:00:32]} 8. Be2 {[%emt 0:00:06]} exd5 {[%emt 0:00:20]} 9. cxd5 {[%emt 0:00:05]} Bg4 {[%emt 0:00:59]} 10. O-O {[%emt 0:00:07]} Nbd7 {[%emt 0:00:32]} 11. h3 {[%emt 0:00:08]} Bxf3 {[%emt 0:00:33]} 12. Bxf3 {[%emt 0:00:06]} Ne8 {[%emt 0:11:30]} 13. Be3 {[%emt 0:09:29]} a6 {[%emt 0:08:12]} 14. a4 {[%emt 0:00:28]} Nc7 {[%emt 0:05:40]} 15. Qd2 {[%emt 0:06:42]} Rb8 {[%emt 0:03:08]} 16. Rae1 {[%emt 0:22:45]} b5 {[%emt 0:04:03]} 17. e5 {[%emt 0:09:01]} dxe5 {[%emt 0:05:44]} 18. fxe5 {[%emt 0:02:11]} Bxe5 {[%emt 0:27:09]} 19. Bxc5 {[%emt 0:08:55]} Nxc5 {[%emt 0:01:11]} 20. Rxe5 {[%emt 0:03:49]} Qd6 {[%emt 0:01:05]} 21. Ree1 {[%emt 0:03:58]} bxa4 {[%emt 0:04:25]} 22. Nd1 {[%emt 0:09:23]} Qb6 {[%emt 0:06:53]} 23. Kh1 {[%emt 0:00:35]} Nb5 {[%emt 0:00:29]} 24. Ne3 {[%emt 0:06:03]} Nd6 {[%emt 0:00:13]} 25. Ng4 {[%emt 0:00:08]} Nf5 {[%emt 0:06:13]} 26. Nh6+ {[%emt 0:10:41]} Nxh6 {[%emt 0:00:02]} 27. Qxh6 {[%emt 0:00:01]} Qd6 {[%emt 0:02:12]} 28. Qd2 {[%emt 0:01:18]} Rb6 {[%emt 0:01:31]} 29. Rc1 {[%emt 0:00:18]} Nb3 {[%emt 0:00:15]} 30. Qe2 {[%emt 0:00:34]} Nxc1 {[%emt 0:00:05]} 31. Rxc1 {[%emt 0:00:01]} Rfb8 {[%emt 0:00:12]} 32. Rc6 {[%emt 0:00:41]} Rxc6 {[%emt 0:03:52]} 33. dxc6 {[%emt 0:00:01]} a3 {[%emt 0:00:18]} 0-1

[Event "106th British-ch 2019"]
[Site "Torquay"]
[Date "2019.07.30"]
[Round "4.23"]
[White "Moore, Graham J"]
[Black "Donaldson, Thomas"]
[Result "1-0"]
[WhiteElo "2264"]
[BlackElo "2065"]
[Annotator "NA"]
[PlyCount "63"]
[EventDate "2019.07.27"]
[EventType "swiss"]
[EventCountry "GBR"]
[SourceTitle "playchess.com"]
[Source "ChessBase"]
[SourceQuality "1"]
[TimeControl "40/5400+30:1800+30"]

1. e4 {[%emt 0:00:00]} e5 {[%emt 0:00:00]} 2. f4 {[%emt 0:01:56]} d5 {[%emt 0:00:00]} 3. exd5 {[%emt 0:00:11]} c6 {[%emt 0:00:00]} 4. Nc3 {[%emt 0:01:04]} exf4 {[%emt 0:05:27]} 5. Nf3 {[%emt 0:00:26]} Bd6 {[%emt 0:00:25]} 6. d4 {[%emt 0:00:28]} Ne7 {[%emt 0:00:46]} 7. dxc6 {[%emt 0:02:49]} Nbxc6 {[%emt 0:00:13]} 8. Bd3 {[%emt 0:00:57]} O-O {[%emt 0:00:42]} 9. O-O {[%emt 0:00:23]} Ng6 {[%emt 0:07:19]} 10. Ne4 {[%emt 0:01:20]} Bg4 {[%emt 0:03:18]} 11. c3 {[%emt 0:01:48]} Re8 {[%emt 0:02:45]} 12. Qb3 {[%emt 0:04:47]} Bxf3 {[%emt 0:40:21]} 13. gxf3 {[%emt 0:02:01]} Rb8 {[%emt 0:02:29]} 14. Bd2 {[%emt 0:03:15]} Nh4 {[%emt 0:01:47]} 15. Qd5 {[%emt 0:01:51]} Re6 {[%emt 0:02:04]} 16. Kh1 {[%emt 0:03:48]} Ne7 {[%emt 0:08:52]} 17. Qg5 {[%emt 0:00:39]} Neg6 {[%emt 0:05:35]} 18. Qh5 {[%emt 0:03:35]} Be7 {[%emt 0:06:28]} 19. Rae1 {[%emt 0:08:28]} Ne5 {[%emt 0:03:35]} 20. Nf6+ {[%emt 0:00:40]} Bxf6 {[%emt 0:01:27]} 21. Qxh7+ {[%emt 0:00:10]} Kf8 {[%emt 0:00:08]} 22. dxe5 {[%emt 0:00:02]} Bxe5 {[%emt 0:01:55]} 23. Qh8+ {[%emt 0:00:08]} Ke7 {[%emt 0:00:08]} 24. Qxh4+ {[%emt 0:00:04]} Bf6 {[%emt 0:00:20]} 25. Rxe6+ {[%emt 0:02:58]} fxe6 {[%emt 0:00:08]} 26. Qh7 {[%emt 0:03:24]} Qd6 {[%emt 0:00:18]} 27. Be1 {[%emt 0:00:44]} Rd8 {[%emt 0:00:50]} 28. Bc4 {[%emt 0:02:37]} Qc6 {[%emt 0:02:33]} 29. Be2 {[%emt 0:00:39]} Rd5 {[%emt 0:03:00]} 30. Bh4 {[%emt 0:00:16]} Rd2 {[%emt 0:00:47]} 31. Qxg7+ {[%emt 0:00:43]} Kd6 {[%emt 0:00:40]} 32. Qxf6 {[%emt 0:01:24]} 1-0